Ultimate Dark Souls Series locations quiz - Statistics

General Stats
  • This quiz has been taken 90 times
  • The average score is 37 of 94
Answer Stats
Game Notable characters/Bosses Area % Correct
Dark Souls Gwynevere, Giant Blacksmith, Ornstein and Smough Anor Londo
98%
Dark Souls 3 Aldrich Devourer of Gods Anor Londo
98%
Dark Souls Vamos, Paladin Leeroy, Pinwheel Catacombs
92%
Dark Souls Cresfallen Warrior, Petrus ofThorolund, Kingseeker Frampt Firelink Shrine
87%
Dark Souls 3 Blacksmith Andre, Fire Keeper, MainHub Firelink Shrine
87%
Dark Souls Bed of Chaos, Daughter of Chaos Lost Izalith
86%
Dark Souls Quelaag, Maneater Mildred,Quelana of Izalith Blighttown
84%
Dark Souls Iron Golem, Black Iron Tarkus,Undead Prince Ricard Sen's Fortress
81%
Dark Souls Hydra, Stone Dragon Ash Lake
78%
Dark Souls Seath the Scaleless (Second Fight),Giant Clams Crystal Cave
78%
Dark Souls Rickert of Vinheim, Four Kings New Londo Ruins
76%
Dark Souls Gwyn Lord of Cinder, Black Knights Kiln of the First Flame
75%
Dark Souls 3 Soul of Cinder Kiln of the First Flame
75%
Dark Souls Stray Demon, Asylum Demon Undead Asylum
73%
Dark Souls Andre of Astoria, Bell Gargoyles Undead Parish
73%
Dark Souls Alvina, Moonlight Butterfly, Great Grey Wolf Sif Darkroot Garden
71%
Dark Souls Havel the Rock, Taurus Demon,Capra Demon Undead Burg
71%
Dark Souls Hydra, Dusk of Oolacile Darkroot Basin
70%
Dark Souls Ceaseless Discharge, Demon Firesage, Centipede Demon Demon Ruins
70%
Dark Souls Gaping Dragon, Domhnall of Zena Depths
70%
Dark Souls Crossbreed Priscilla, Xanthous King Jeremiah Painted World of Ariamis
70%
Dark Souls Seath the Scaleless (First fight),Sieglinde of Catarina The Duke's Archives
68%
Dark Souls Gravelord Nito, Patches Tomb of the Giants
67%
Dark Souls Quelaag's Sister, Second Bell of Awakening Quelaag's Domain
63%
Dark Souls Undead Dragon, Drakes Valley of Drakes
56%
Dark Souls Knight Artorias, Hawkeye Gough Oolacile Township
52%
Dark Souls 3 Dancer of the Boreal Valley, Vordtof the Boreal Valley, High Priestess Emma High Wall of Lothric
51%
Dark Souls Many Basilisks, mushroom parents The Great Hollow
48%
Dark Souls Manus Father of the Abyss, Past Sif Chasm of the Abyss
44%
Dark Souls Elizabeth the Giant Mushroom Oolacile Sanctuary
44%
Dark Souls 3 Ancient Wyvern, The Nameless King Archdragon Peak
43%
Dark Souls 3 High Lord Wolnir, Knight Slayer Tsorig Catacombs of Carthus
43%
Dark Souls Sanctuary Guardian Sanctuary Garden
43%
Dark Souls No enemies, place the Lordvessel Firelink Altar
41%
Dark Souls 3 Dragonslayer Armour, Warrior of SunlightCovenant Lothric Castle
41%
Dark Souls 2 Emerald Herald, Main Hub World Majula
41%
Dark Souls 3 Stray Demon, Abyss Watchers, Watchdogs of Farron covenant Farron Keep
40%
Dark Souls 3 Champion's Gravetender + GravetenderGreatwolf, Sister Friede + Father Ariandel Painted World of Ariandel
40%
Dark Souls Black Dragon Kalameet, MarvellousChester Royal Wood
37%
Dark Souls 2 The Rotten, Lone Hunter Schmidt Black Gulch
35%
Dark Souls 3 Deacons of the Deep, Rosaria Mother of Rebirth, Longfinger Kirk Cathedral of the Deep
35%
Dark Souls 2 Looking Glass Knight, Throne Watcher and Defender, Nashandra Drangleic Castle
35%
Dark Souls 3 Yhorm the Giant Profaned Capital
35%
Dark Souls 3 Darkeater Midir, Slave Knight Gael, Halflight Spear of the Church The Ringed City
35%
Dark Souls 3 Lorian and Lothric Boss, Knights Albert, Kamui, and Kriemhild Grand Archives
33%
Dark Souls 3 Oceiros the Consumed King Consumed King's Garden
32%
Dark Souls 3 Pontiff Sulyvahn, Aldrich Faithful covenant Irithyll of the Boreal Valley
30%
Dark Souls 2 Ruin Sentinels, Pilgrim Bellclaire, Steady Hand McDuff The Lost Bastille
30%
Dark Souls 3 Curse Rotted Greatwood, Demon Miniboss Undead Settlement
30%
Dark Souls 2 Bell Keeper of Alken Belfry Luna
29%
Dark Souls 2 Smelter Demon, Old Iron King Iron Keep
29%
Dark Souls 3 Alva Seeker of the Spurned, Jailers, Karla Irithyll Dungeon
27%
Dark Souls 2 Guardian Dragon, Royal SorcererNavlaan Aldia's Keep
25%
Dark Souls 2 The Last Giant, The Pursuer, Calethe Cartographer Forest of Fallen Giants
25%
Dark Souls 2 Dragonrider, Licia of Lindelt Heide's Tower of Flame
25%
Dark Souls 3 Crystal Sage, Holy Knight Hodrick, Orbeck of Vinheim Road of Sacrifices
25%
Dark Souls 3 Champion Gundyr, Shrine Handmaid Untended Graves
25%
Dark Souls 2 Flexile Sentry, Carhillion of the Fold No-Man's Wharf
24%
Dark Souls 2 Other area protected by the BellKeepers Belfry Sol
22%
Dark Souls 2 Guardian Dragons, Multiple CrysalLizards Dragon Aerie
22%
Dark Souls 2 Mytha the Baneful Queen, CovetousDemon Earthen Peak
22%
Dark Souls 2 Demon of Song, Felicia the Brave, Peculiar Kindalur Shrine of Amana
22%
Dark Souls 3 Old Demon King, Great Swamp Cuculus Smouldering Lake
22%
Dark Souls 2 Corrosive Ant Queen, Melinda the Butcher The Gutter
22%
Dark Souls 2 Starting/Tutorial Area Things Betwixt
22%
Dark Souls 2 Prowling Magus and Congregation, The Duke's Dear Freja Brightstone Cove Tseldora
21%
Dark Souls 2 Royal Rat Authority, Lonesome Galvan, Rat King Doors of Pharros
21%
Dark Souls 2 Scorpioness Najka, Forest Guardians Shaded Woods
21%
Dark Souls 3 Demon Prince, Desert Pyromancer Zoey The Dreg Heap
21%
Dark Souls 2 Fume Knight Brume Tower
19%
Dark Souls 2 Old Dragonslayer, Blue SentinelTargray Cathedral of Blue
19%
Dark Souls 2 Ancient Dragon, Dragonfang Villard Dragon Shrine
19%
Dark Souls 2 Nashandra, Aldia, Throne Watcher and Defender Throne of Want
19%
Dark Souls 2 Stone Trader Chloanne, Mounted Overseers Harvest Valley
17%
Dark Souls 2 Skeleton Lords, Creighton of Mirrah,Felkin the Outcast Huntsman's Copse
17%
Dark Souls 2 Executioner Chariot, Titchy Gren Undead Purgatory
17%
Dark Souls 3 Iudex Gundyr, Sword Master Cemetary of Ash
16%
Dark Souls 2 Lud and Zallen the King's Pets, Manhunter O'Harrah Frigid Outskirts
16%
Dark Souls 2 Looking Glass Knight King's Passage
16%
Dark Souls 2 Lost Sinner, Flexile Sentry in DLC Sinner's Rise
16%
Dark Souls 2 King Vendrick, Velstadt the Royal Aegis Undead Crypt
16%
Dark Souls 2 Afflicted Graverobber, Ancient Soldier Varg, Cerah the Old Explorer Cave of the Dead
14%
Dark Souls 2 Darklurker Dark Chasm of Old
14%
Dark Souls 2 Royal Rat Vanguard, Rhoy theExplorer Grave of Saints
14%
Dark Souls 2 Smelter Demon (Blue), Drifter Swordsman Aidel Iron Passage
14%
Dark Souls 2 Rockshield Baldyr (invasion), Sanctum Soldiers Shulva, Sanctum City
14%
Dark Souls 2 Elana the Squalid Queen, Sinh theSlumbering Dragon Dragon's Rest
13%
Dark Souls 2 Aava the King's Pet, Hexer Nicholai Frozen Eleum Loyce
13%
Dark Souls 2 Burnt Ivory King, Charred Loyce Knights The Old Chaos
13%
Dark Souls 2 Requires four Old One's Souls to Enter Shrine of Winter
11%
Dark Souls 2 Alsanna Silent Oracle Grand Cathedral
8%
Dark Souls 2 Jester Thomas invader, Creighton the Wanderer summon Dragon's Sanctum
6%
Dark Souls 2 Duke Tseldora, Accessible after defeating Duke's Dear Freja Lord's Private Chamber
6%
Dark Souls Nothing, just a small hallway beforethe Abyss with a bonfire Oolacile Township Dungeon
2%
No matching quizzes found
Score Distribution
Percent of People with Each Score
Percentile by Number Answered
Your Score History
You have not taken this quiz